[Event "12th Steve Boniface Memorial (Bristol) "]
[Site "Bristol Grammar School"]
[Date "2018.08.24"]
[Round "1.1"]
[White "Prasse, Philipp"]
[Black "Merry, Alan B"]
[Result "0-1"]
[WhiteElo "1996"]
[BlackElo "2445"]
[PlyCount "62"]
[EventDate "2018.08.24"]
[SourceVersionDate "2018.08.27"]

1. e4 c5 2. c3 Nf6 3. e5 Nd5 4. Nf3 e6 5. d4 cxd4 6. cxd4 d6 7. Bc4 Nb6 8. Bd3
Bd7 9. O-O Bc6 10. Nc3 Be7 11. Re1 O-O 12. Bf4 Nd5 13. Nxd5 Bxd5 14. exd6 Bxd6
15. Bxd6 Qxd6 16. Ne5 Nd7 17. Rc1 Nf6 18. Bb1 Rac8 19. Rc3 Rxc3 20. bxc3 Rc8
21. Re3 a6 22. h4 b5 23. Rg3 Be4 24. Bxe4 Nxe4 25. Qf3 f5 26. h5 Rxc3 27. Qf4
Rxg3 28. fxg3 Qxd4+ 29. Kh2 g5 30. Qc1 Qxe5 31. Qc8+ Kg7 0-1

[Event "12th Steve Boniface Memorial (Bristol) "]
[Site "Bristol Grammar School"]
[Date "2018.08.24"]
[Round "1.2"]
[White "Carleton, John J"]
[Black "Moore, Geoffrey R"]
[Result "1-0"]
[WhiteElo "2269"]
[BlackElo "1980"]
[PlyCount "89"]
[EventDate "2018.08.24"]
[SourceVersionDate "2018.08.27"]

1. d4 Nf6 2. c4 g6 3. Nc3 Bg7 4. e4 d6 5. Be2 O-O 6. f4 e5 7. fxe5 dxe5 8. d5
Na6 9. Bg5 h6 10. Bh4 Nc5 11. b4 Ncd7 12. Nf3 Qe7 13. c5 a5 14. a3 g5 15. Bf2
axb4 16. axb4 Rxa1 17. Qxa1 Nxe4 18. Nxe4 f5 19. Nfd2 fxe4 20. Nxe4 Nf6 21. Bc4
Kh8 22. Nxf6 Qxf6 23. O-O Qf4 24. Qc3 Qg4 25. Bg3 Rxf1+ 26. Bxf1 Qf5 27. Qe3
Kg8 28. Bd3 Qf6 29. Qe4 Kf8 30. h3 Kf7 31. Kh2 Ke7 32. b5 Kf8 33. Qa4 Qd8 34.
Qa8 Qe8 35. Bg6 Qxg6 36. Qxc8+ Qe8 37. Qxc7 e4 38. d6 Be5 39. d7 Bxc7 40.
dxe8=Q+ Kxe8 41. Bxc7 Kd7 42. Bb6 Ke6 43. Kg3 h5 44. Kf2 Kd5 45. Ke3 1-0

[Event "12th Steve Boniface Memorial (Bristol) "]
[Site "Bristol Grammar School"]
[Date "2018.08.24"]
[Round "1.4"]
[White "Graham, David B"]
[Black "Bogdan, Horia D"]
[Result "1-0"]
[WhiteElo "2206"]
[BlackElo "1956"]
[PlyCount "135"]
[EventDate "2018.08.24"]
[SourceVersionDate "2018.08.27"]

1. e4 e5 2. Nf3 Nc6 3. Bc4 Bc5 4. b4 Bxb4 5. c3 Ba5 6. d4 exd4 7. O-O Nge7 8.
Ng5 d5 9. exd5 Nxd5 10. Nxf7 Kxf7 11. Qh5+ g6 12. Bxd5+ Be6 13. Bxe6+ Kxe6 14.
Qh3+ Kf7 15. cxd4 Nxd4 16. Bb2 Qd5 17. Na3 Rad8 18. Kh1 Nf5 19. Bxh8 Rxh8 20.
Qb3 Rd8 21. Qxd5+ Rxd5 22. Nc4 Bc3 23. Rac1 Rd3 24. Rfd1 Rxd1+ 25. Rxd1 Ke7 26.
Kg1 b5 27. Ne3 Nxe3 28. fxe3 c5 29. Rd5 Bb4 30. Kf2 a6 31. Ke2 c4 32. e4 Bd6
33. h3 Ke6 34. Kd2 Bc7 35. Kc3 Ba5+ 36. Kc2 Bc7 37. g4 Bb6 38. h4 h6 39. h5
gxh5 40. Rxh5 Be3 41. Rf5 Bd4 42. Rd5 Bb6 43. Kb2 b4 44. Rh5 Be3 45. Ra5 Bg5
46. Kc2 Be3 47. Ra4 b3+ 48. axb3 cxb3+ 49. Kxb3 Ke5 50. Kc2 a5 51. Kd3 Bb6 52.
Rc4 Bd8 53. Ke3 Bg5+ 54. Kf3 Bd2 55. Rc5+ Ke6 56. Ke2 Bb4 57. Rh5 Kf6 58. Rxh6+
Kg5 59. Ra6 Kxg4 60. Kd3 Kf4 61. Kd4 Be1 62. Kd5 Bc3 63. Ra8 Kg5 64. e5 Kg6 65.
Kd6 Bb4+ 66. Kd7 Kf7 67. e6+ Kf6 68. Ra6 1-0

[Event "12th Steve Boniface Memorial (Bristol) "]
[Site "Bristol Grammar School"]
[Date "2018.08.24"]
[Round "1.5"]
[White "Miller, George"]
[Black "Stewart, Ashley"]
[Result "0-1"]
[WhiteElo "1953"]
[BlackElo "2148"]
[PlyCount "95"]
[EventDate "2018.08.24"]
[SourceVersionDate "2018.08.27"]

1. d4 Nf6 2. Nf3 g6 3. c4 Bg7 4. Nc3 O-O 5. Bg5 d6 6. e3 c5 7. d5 h6 8. Bh4 g5
9. Bg3 Nh5 10. Bd3 f5 11. Nd2 Nxg3 12. hxg3 Nd7 13. f4 gxf4 14. gxf4 Nf6 15.
Qf3 Bd7 16. e4 fxe4 17. Ndxe4 Ng4 18. Qg3 e5 19. dxe6 Bxe6 20. O-O-O Bf5 21.
Nxd6 Bxd3 22. Rxd3 Qd7 23. Rh4 Nf6 24. Rxh6 Rad8 25. Nd5 Nxd5 26. Rxd5 Qa4 27.
Qg6 Rxd6 28. Qh7+ Kf7 29. Rf5+ Ke8 30. Rxf8+ Bxf8 31. Qe4+ Kd8 32. Rxd6+ Bxd6
33. Qd5 Kc7 34. g3 Qc6 35. Qf7+ Qd7 36. Qg8 Qf5 37. Kd2 Qe4 38. b3 Qg2+ 39. Kd3
Qxa2 40. Qf7+ Kb6 41. Ke4 Qxb3 42. Qg8 Qc2+ 43. Kf3 Qd3+ 44. Kg4 Bc7 45. Qe6+
Qd6 46. f5 Qxe6 47. fxe6 Kc6 48. Kf5 0-1

[Event "12th Steve Boniface Memorial (Bristol) "]
[Site "Bristol Grammar School"]
[Date "2018.08.24"]
[Round "1.7"]
[White "Iwi, Graham R"]
[Black "Fallowfield, Jeremy R"]
[Result "0-1"]
[WhiteElo "1927"]
[BlackElo "2111"]
[PlyCount "56"]
[EventDate "2018.08.24"]
[SourceVersionDate "2018.08.27"]

1. e4 g6 2. d4 Bg7 3. c3 d6 4. f4 Nf6 5. Nd2 O-O 6. Bd3 c5 7. Ne2 cxd4 8. cxd4
Nc6 9. Nf3 Bg4 10. Be3 Bxf3 11. gxf3 e6 12. Qd2 Rc8 13. Rc1 Nh5 14. Rg1 Qh4+
15. Kf1 Qxh2 16. Rg2 Qh1+ 17. Kf2 Qh4+ 18. Kg1 Bh6 19. Rh2 Qf6 20. Kg2 e5 21.
f5 Bxe3 22. Qxe3 Nxd4 23. Rxh5 gxh5 24. Ng3 Rxc1 25. Qxc1 Kh8 26. Nxh5 Rg8+ 27.
Kh3 Qg5 28. Qxg5 Rxg5 0-1

[Event "12th Steve Boniface Memorial (Bristol) "]
[Site "Bristol Grammar School"]
[Date "2018.08.24"]
[Round "1.8"]
[White "Palm, Frank"]
[Black "Fallowfield, Nicholas"]
[Result "1-0"]
[WhiteElo "2098"]
[BlackElo "1914"]
[PlyCount "87"]
[EventDate "2018.08.24"]
[SourceVersionDate "2018.08.27"]

1. e4 Nf6 2. e5 Nd5 3. Nc3 Nxc3 4. bxc3 d5 5. f4 c5 6. h3 Nc6 7. Nf3 Qa5 8. Be2
Qa4 9. O-O Bf5 10. d3 c4 11. g4 cxd3 12. cxd3 Qxd1 13. Rxd1 Bc8 14. Be3 e6 15.
Nd4 Bc5 16. Nc2 Bxe3+ 17. Nxe3 d4 18. Nc4 Ke7 19. Bf3 Bd7 20. Bxc6 Bxc6 21.
cxd4 a5 22. Nd6 a4 23. a3 Ra5 24. Rab1 Rd5 25. Rdc1 Rxd4 26. Rxc6 bxc6 27. Rb7+
Kf8 28. Rb8+ Ke7 29. Rxh8 Rxd3 30. Rxh7 Rxa3 31. Rxg7 Rxh3 32. Rxf7+ Kd8 33.
Kf2 Rb3 34. g5 Rb2+ 35. Kf3 Rb1 36. Ra7 Ra1 37. Kg4 a3 38. Kh5 a2 39. Kg6 Rf1
40. Rxa2 Rxf4 41. Ra7 c5 42. Nb7+ Kc7 43. Nxc5+ Kb6 44. Nxe6 1-0

[Event "12th Steve Boniface Memorial (Bristol) "]
[Site "Bristol Grammar School"]
[Date "2018.08.24"]
[Round "1.10"]
[White "Duggan, Michael Fg"]
[Black "Graham, Cassie M"]
[Result "1-0"]
[WhiteElo "2070"]
[BlackElo "1881"]
[PlyCount "57"]
[EventDate "2018.08.24"]
[SourceVersionDate "2018.08.27"]

1. e4 c5 2. Nc3 Nc6 3. g3 g6 4. Bg2 Bg7 5. Nge2 d6 6. d3 Nf6 7. O-O O-O 8. f4
Nd4 9. h3 h5 10. f5 Nc6 11. Bg5 Nh7 12. Be3 Ne5 13. Qd2 e6 14. fxg6 Nxg6 15.
Rf2 h4 16. g4 Bf6 17. Raf1 Bg5 18. Nf4 Be7 19. Nxg6 fxg6 20. d4 cxd4 21. Bxd4
Bg5 22. Qd3 Rxf2 23. Rxf2 Bd7 24. e5 Be8 25. exd6 Qxd6 26. Ne4 Qe7 27. Nxg5
Qxg5 28. Qe4 Qe7 29. Qe5 1-0

[Event "12th Steve Boniface Memorial (Bristol) "]
[Site "Bristol Grammar School"]
[Date "2018.08.24"]
[Round "1.11"]
[White "Mcgregor, John"]
[Black "Garcia, Jason"]
[Result "0-1"]
[WhiteElo "1847"]
[BlackElo "2020"]
[PlyCount "102"]
[EventDate "2018.08.24"]
[SourceVersionDate "2018.08.27"]

1. e4 c5 2. Nc3 Nc6 3. Bb5 Nd4 4. Bc4 e6 5. Nge2 a6 6. a4 Ne7 7. Nxd4 cxd4 8.
Ne2 Nc6 9. d3 Qa5+ 10. Bd2 Bb4 11. c3 dxc3 12. bxc3 Be7 13. d4 d5 14. Bd3 dxe4
15. Bxe4 Qc7 16. O-O Bd6 17. f4 Bd7 18. Nc1 Na5 19. Nd3 Nc4 20. Bc1 Bc6 21. Qf3
Bxe4 22. Qxe4 Qc6 23. Qxc6+ bxc6 24. Ne5 Bxe5 25. fxe5 Rb8 26. Ba3 Nxa3 27.
Rxa3 O-O 28. Rfa1 Rb2 29. R3a2 Rfb8 30. h3 f6 31. exf6 gxf6 32. Ra3 Kf7 33. c4
Rg8 34. g4 h5 35. Rg3 hxg4 36. hxg4 Rd2 37. d5 cxd5 38. cxd5 Rxd5 39. Rb1 f5
40. Kf2 Rxg4 41. Rxg4 fxg4 42. Rb4 Rg5 43. Kg3 a5 44. Rxg4 Kf6 45. Rxg5 Kxg5
46. Kf3 Kf5 47. Ke3 Ke5 48. Kd3 Kd5 49. Kc3 Kc5 50. Kb3 Kd4 51. Kc2 Kc4 0-1

[Event "12th Steve Boniface Memorial (Bristol) "]
[Site "Bristol Grammar School"]
[Date "2018.08.24"]
[Round "1.12"]
[White "Dilleigh, Stephen P"]
[Black "Fielding, Michael"]
[Result "1/2-1/2"]
[WhiteElo "2016"]
[BlackElo "1734"]
[PlyCount "66"]
[EventDate "2018.08.24"]
[SourceVersionDate "2018.08.27"]

1. Nf3 f5 2. g3 Nf6 3. Bg2 e6 4. c4 Be7 5. O-O O-O 6. b3 d6 7. d4 Qe8 8. Nc3
Ne4 9. Bb2 Nxc3 10. Bxc3 Qh5 11. Nd2 c6 12. e4 Qxd1 13. Raxd1 f4 14. Rfe1 fxg3
15. hxg3 Nd7 16. Bh3 e5 17. Bxd7 Bxd7 18. dxe5 dxe5 19. Bxe5 Bc5 20. Bf4 Bg4
21. Rc1 Rad8 22. Rc2 Bb4 23. Be3 a6 24. Ra1 Rd3 25. a3 Bxd2 26. Rxd2 Rfd8 27.
Raa2 Bf3 28. e5 Kf7 29. Kf1 Rxb3 30. Ra1 Rbd3 31. Ke1 Rxd2 32. Bxd2 Ke6 33. Rc1
Rd3 1/2-1/2

[Event "12th Steve Boniface Memorial (Bristol) "]
[Site "Bristol Grammar School"]
[Date "2018.08.24"]
[Round "1.13"]
[White "Chidi, Lovinia Sylvia"]
[Black "Young, Alan K"]
[Result "0-1"]
[WhiteElo "1674"]
[BlackElo "2014"]
[PlyCount "97"]
[EventDate "2018.08.24"]
[SourceVersionDate "2018.08.27"]

1. d4 d5 2. Nf3 Nf6 3. g3 c5 4. c3 e6 5. Bg2 Nc6 6. O-O Be7 7. Ne5 O-O 8. Nxc6
bxc6 9. Nd2 cxd4 10. cxd4 c5 11. e3 cxd4 12. exd4 Qb6 13. Nf3 Rd8 14. a3 a5 15.
Re1 a4 16. Ne5 Nd7 17. Nf3 Nb8 18. Bf1 Nc6 19. Qd2 Ba6 20. Bxa6 Rxa6 21. Rd1
Bf6 22. Rb1 Rc8 23. Qd3 h6 24. h4 Qb3 25. Qxb3 axb3 26. Rd3 Rb6 27. Bd2 Ra8 28.
Bc3 Ra4 29. Rbd1 g5 30. hxg5 hxg5 31. Kg2 Kg7 32. Nh2 Kg6 33. f4 Rc4 34. Nf3
Ra4 35. Ne5+ Bxe5 36. fxe5 Rc4 37. g4 Rb8 38. Rf3 Na7 39. Rh1 Rg8 40. Rfh3 Kg7
41. Rh7+ Kf8 42. Bb4+ Ke8 43. Rh8 Rxh8 44. Rxh8+ Kd7 45. Bc3 Nb5 46. Rb8 Nxc3
47. bxc3 Rxc3 48. a4 Rc2+ 49. Kf3 0-1

[Event "12th Steve Boniface Memorial (Bristol) "]
[Site "Bristol Grammar School"]
[Date "2018.08.24"]
[Round "1.15"]
[White "Stubbs, Oliver"]
[Black "Anderson, Peter W"]
[Result "0-1"]
[WhiteElo "1563"]
[BlackElo "2003"]
[PlyCount "68"]
[EventDate "2018.08.24"]
[SourceVersionDate "2018.08.27"]

1. d4 g6 2. e4 Bg7 3. Nc3 d6 4. Be3 a6 5. Qd2 b5 6. O-O-O Bb7 7. f3 Nd7 8. h4
h5 9. Nh3 Ngf6 10. Nf4 c6 11. Kb1 Qc7 12. Be2 Rc8 13. Rc1 c5 14. dxc5 dxc5 15.
Ncd5 Bxd5 16. Nxd5 Nxd5 17. exd5 Nb6 18. Bf4 Qb7 19. d6 O-O 20. g4 Na4 21. Bh6
Bxb2 22. Bxf8 Rxf8 23. d7 Rd8 24. Rhd1 b4 25. Bc4 Bg7 26. Bxf7+ Kxf7 27. Qf4+
Kg8 28. Qc4+ Kh8 29. c3 Nxc3+ 30. Kc2 Nxd1 31. Rxd1 Rxd7 32. Rxd7 Qxd7 33. gxh5
Qf5+ 34. Kd2 Qxh5 0-1

[Event "12th Steve Boniface Memorial (Bristol) "]
[Site "Bristol Grammar School"]
[Date "2018.08.24"]
[Round "1.16"]
[White "Strong, Chris M"]
[Black "Beaumont, Chris R"]
[Result "0-1"]
[WhiteElo "1555"]
[BlackElo "2246"]
[PlyCount "58"]
[EventDate "2018.08.24"]
[SourceVersionDate "2018.08.27"]

1. e4 c5 2. Nf3 g6 3. c3 d5 4. exd5 Qxd5 5. d4 Bg7 6. Be3 cxd4 7. Bxd4 Nf6 8.
Nbd2 Nc6 9. Bc4 Qd6 10. Ne4 Qf4 11. Bxf7+ Kxf7 12. Neg5+ Ke8 13. Qb3 Rf8 14.
O-O Nxd4 15. cxd4 h6 16. Ne6 Bxe6 17. Qxe6 Qd6 18. Rfe1 Qxe6 19. Rxe6 Kf7 20.
Rae1 Nd5 21. Nh4 Bf6 22. Nf3 Rac8 23. R6e2 Rc4 24. b3 Rc7 25. Ne5+ Bxe5 26.
dxe5 Ke6 27. g3 Rfc8 28. f4 Rc2 29. Kf2 Nb4 0-1

[Event "12th Steve Boniface Memorial (Bristol) "]
[Site "Bristol Grammar School"]
[Date "2018.08.25"]
[Round "2.1"]
[White "Merry, Alan B"]
[Black "Fallowfield, Jeremy R"]
[Result "0-1"]
[WhiteElo "2445"]
[BlackElo "2111"]
[PlyCount "54"]
[EventDate "2018.08.24"]
[SourceVersionDate "2018.08.27"]

1. e4 g6 2. d4 Bg7 3. Nc3 d6 4. Bg5 a6 5. Qd2 Nd7 6. Nd5 c6 7. Ne3 Ngf6 8. Bd3
c5 9. c3 cxd4 10. cxd4 O-O 11. Ne2 h6 12. Bh4 e5 13. Rd1 exd4 14. Nd5 g5 15.
Bg3 Re8 16. h4 Nxe4 17. Bxe4 Rxe4 18. hxg5 hxg5 19. Bxd6 Nf6 20. Ne7+ Rxe7 21.
Bxe7 Qxe7 22. Qxg5 Bg4 23. f3 Re8 24. O-O Qxe2 25. Rde1 Qxe1 26. Rxe1 Rxe1+ 27.
Kf2 Re8 0-1

[Event "12th Steve Boniface Memorial (Bristol) "]
[Site "Bristol Grammar School"]
[Date "2018.08.25"]
[Round "2.2"]
[White "Krzyzanowski, Patryk"]
[Black "Carleton, John J"]
[Result "0-1"]
[WhiteElo "2087"]
[BlackElo "2269"]
[PlyCount "56"]
[EventDate "2018.08.24"]
[SourceVersionDate "2018.08.27"]

1. d4 d5 2. c4 e6 3. Nc3 Bb4 4. cxd5 exd5 5. Qa4+ Nc6 6. e3 Nf6 7. Bb5 Bd7 8.
Bxc6 Bxc3+ 9. bxc3 Bxc6 10. Qa3 Ne4 11. Nf3 Bb5 12. Qb3 Bc4 13. Qxb7 O-O 14.
Qb2 Re8 15. Ne5 Ba6 16. Qc2 c5 17. f3 cxd4 18. exd4 Nd6 19. Kf2 Rc8 20. Ba3 Nb5
21. Qa4 Re6 22. Bc5 Nxc3 23. Qb3 Rxc5 24. dxc5 Qh4+ 25. g3 Qd4+ 26. Kg2 Qd2+
27. Kh3 Rh6+ 28. Kg4 Bc8+ 0-1

[Event "12th Steve Boniface Memorial (Bristol) "]
[Site "Bristol Grammar School"]
[Date "2018.08.25"]
[Round "2.3"]
[White "Beaumont, Chris R"]
[Black "Palm, Frank"]
[Result "1-0"]
[WhiteElo "2246"]
[BlackElo "2098"]
[PlyCount "41"]
[EventDate "2018.08.24"]
[SourceVersionDate "2018.08.27"]

1. Nf3 Nf6 2. c4 c5 3. g3 d5 4. cxd5 Nxd5 5. Bg2 Nc6 6. Nc3 Nc7 7. O-O e5 8. a3
Be7 9. b4 Be6 10. Rb1 cxb4 11. axb4 f6 12. b5 Nd4 13. e3 Bf5 14. exd4 exd4 15.
b6 Ne6 16. Qa4+ Kf7 17. bxa7 dxc3 18. Rxb7 Qc8 19. Ba3 Re8 20. Qb4 Qd8 21. dxc3
1-0

[Event "12th Steve Boniface Memorial (Bristol) "]
[Site "Bristol Grammar School"]
[Date "2018.08.25"]
[Round "2.4"]
[White "Moore, Graham J"]
[Black "Duggan, Michael Fg"]
[Result "1-0"]
[WhiteElo "2218"]
[BlackElo "2070"]
[PlyCount "105"]
[EventDate "2018.08.24"]
[SourceVersionDate "2018.08.27"]

1. e4 c6 2. d4 d5 3. Nd2 dxe4 4. Nxe4 Bf5 5. Ng3 Bg6 6. h4 h6 7. Nf3 Nd7 8. h5
Bh7 9. Bd3 Bxd3 10. Qxd3 e6 11. Bd2 Ngf6 12. O-O-O Be7 13. Kb1 O-O 14. Ne4 Nxe4
15. Qxe4 Nf6 16. Qe2 Qd5 17. Be3 Qb5 18. c4 Qf5+ 19. Ka1 c5 20. Nh4 Qxh5 21. g4
Nxg4 22. Rdg1 Nf6 23. f3 Rfe8 24. Bxh6 Qxh6 25. Nf5 Qxh1 26. Nxe7+ Rxe7 27.
Rxh1 cxd4 28. Qh2 Kf8 29. Qd6 Ng8 30. Rh8 Rae8 31. Qxd4 b6 32. a3 f6 33. c5
bxc5 34. Qxc5 f5 35. Qg1 Kf7 36. Rh7 Kf6 37. f4 e5 38. Qg5+ Ke6 39. fxe5 Kxe5
40. Rxg7 Rxg7 41. Qxg7+ Nf6 42. Qc7+ Ke4 43. Qxa7 f4 44. Qb7+ Nd5 45. Qh7+ Ke3
46. Qh5 Nf6 47. Qf7 f3 48. Qxf6 f2 49. Qb6+ Ke2 50. Qb5+ Kd2 51. Qd7+ Kc2 52.
Qf5+ Kb3 53. Qxf2 1-0

[Event "12th Steve Boniface Memorial (Bristol) "]
[Site "Bristol Grammar School"]
[Date "2018.08.25"]
[Round "2.5"]
[White "Garcia, Jason"]
[Black "Graham, David B"]
[Result "0-1"]
[WhiteElo "2020"]
[BlackElo "2206"]
[PlyCount "82"]
[EventDate "2018.08.24"]
[SourceVersionDate "2018.08.27"]

1. e4 e6 2. d4 d5 3. Nc3 Bb4 4. e5 Ne7 5. a3 Bxc3+ 6. bxc3 c5 7. Qg4 O-O 8. Bd3
f5 9. exf6 Rxf6 10. Bg5 Rf7 11. Qh5 g6 12. Qd1 Nbc6 13. Nf3 Qa5 14. Bd2 c4 15.
Be2 Bd7 16. O-O Raf8 17. Qe1 Nf5 18. Ng5 Re7 19. f4 h6 20. Nh3 Qd8 21. g4 Nd6
22. Bf3 Rh7 23. Qg3 Qf6 24. Rae1 Ne7 25. Re2 b5 26. Kh1 Bc6 27. Qe1 Ne4 28. Bg2
Nc8 29. f5 exf5 30. Bf4 Ncd6 31. Be5 Qf7 32. gxf5 Nxf5 33. Nf2 g5 34. Kg1 Qh5
35. Nxe4 dxe4 36. Bg3 Rhf7 37. Rxf5 Rxf5 38. Bxe4 Bxe4 39. Rxe4 Rf1+ 40. Qxf1
Rxf1+ 41. Kxf1 Qf3+ 0-1

[Event "12th Steve Boniface Memorial (Bristol) "]
[Site "Bristol Grammar School"]
[Date "2018.08.25"]
[Round "2.8"]
[White "Anderson, Peter W"]
[Black "Martin, Lewis"]
[Result "0-1"]
[WhiteElo "2003"]
[BlackElo "2098"]
[PlyCount "100"]
[EventDate "2018.08.24"]
[SourceVersionDate "2018.08.27"]

1. d4 d5 2. c4 c6 3. Nf3 Nf6 4. Nc3 dxc4 5. a4 Bf5 6. e3 e6 7. Bxc4 Bb4 8. O-O
O-O 9. Qe2 Bg6 10. Ne5 Nbd7 11. Nxg6 hxg6 12. Na2 Be7 13. b4 e5 14. Bb2 Qc7 15.
Rfc1 Bd6 16. h3 exd4 17. Bxd4 Bh2+ 18. Kh1 Be5 19. Bb2 Bxb2 20. Qxb2 Ne5 21.
Be2 Ne4 22. Kg1 Rad8 23. Nc3 Nxc3 24. Qxc3 Qe7 25. Rd1 Qf6 26. Qc5 a6 27. Rab1
Rfe8 28. Qb6 Qe7 29. b5 axb5 30. axb5 c5 31. Rbc1 Rxd1+ 32. Rxd1 g5 33. Rc1 Rc8
34. Bg4 Nxg4 35. hxg4 c4 36. Qd4 Qc5 37. Qxc5 Rxc5 38. Kf1 Kf8 39. Ke2 Ke7 40.
Kd2 Kd6 41. Kc3 Rxb5 42. Rd1+ Rd5 43. Rb1 b5 44. Kb4 Kc6 45. Ra1 Rd2 46. Ra6+
Kd5 47. e4+ Kxe4 48. Kxb5 Rxf2 49. Ra4 Rxg2 50. Rxc4+ Kf3 0-1

[Event "12th Steve Boniface Memorial (Bristol) "]
[Site "Bristol Grammar School"]
[Date "2018.08.25"]
[Round "2.9"]
[White "Abbott, Mark V"]
[Black "Orgler, Philipp"]
[Result "0-1"]
[WhiteElo "1884"]
[BlackElo "2050"]
[PlyCount "64"]
[EventDate "2018.08.24"]
[SourceVersionDate "2018.08.27"]

1. d4 d5 2. c4 Nc6 3. cxd5 Qxd5 4. Nf3 e5 5. Nc3 Bb4 6. Bd2 Bxc3 7. Bxc3 e4 8.
Ne5 Nxe5 9. dxe5 Qxd1+ 10. Rxd1 Be6 11. g3 e3 12. f4 Bxa2 13. Bg2 c6 14. O-O
Ne7 15. Bd4 Bd5 16. Ra1 Bc4 17. Rxa7 Rxa7 18. Bxa7 Bxe2 19. Re1 Bc4 20. Bc5 e2
21. Bf3 Kd7 22. Kf2 Ra8 23. Bg4+ Ke8 24. h4 Ra2 25. Bd4 c5 26. Bxc5 Rxb2 27.
Rc1 b5 28. Ra1 Ba2 29. Bd4 Rd2 30. Bxe2 Bc4 31. Ra8+ Kd7 32. Ra7+ Ke6 0-1

[Event "12th Steve Boniface Memorial (Bristol) "]
[Site "Bristol Grammar School"]
[Date "2018.08.25"]
[Round "2.10"]
[White "Turner, Joseph D"]
[Black "Dilleigh, Stephen P"]
[Result "1/2-1/2"]
[WhiteElo "1858"]
[BlackElo "2016"]
[PlyCount "46"]
[EventDate "2018.08.24"]
[SourceVersionDate "2018.08.27"]

1. e4 e6 2. d3 d5 3. Nd2 Nf6 4. Ngf3 Be7 5. g3 c5 6. Bg2 Nc6 7. O-O O-O 8. Re1
b5 9. e5 Nd7 10. h4 a5 11. Nf1 b4 12. N1h2 Ba6 13. Ng4 Kh8 14. Ng5 Nd4 15. Bf4
Nb6 16. Ne3 Qe8 17. c3 Nc6 18. d4 cxd4 19. cxd4 Rb8 20. b3 Na7 21. Ng4 Qd8 22.
Bf1 Bxf1 23. Kxf1 Bxg5 1/2-1/2

[Event "12th Steve Boniface Memorial (Bristol) "]
[Site "Bristol Grammar School"]
[Date "2018.08.25"]
[Round "2.12"]
[White "Smith, Lynda"]
[Black "Handley, Michael R"]
[Result "0-1"]
[WhiteElo "1836"]
[BlackElo "1963"]
[PlyCount "96"]
[EventDate "2018.08.24"]
[SourceVersionDate "2018.08.27"]

1. e4 e6 2. d3 d5 3. Nd2 c5 4. Ngf3 Nc6 5. g3 Bd6 6. Bg2 Nge7 7. O-O O-O 8. Re1
Qc7 9. b3 Bd7 10. Bb2 f6 11. h4 Rad8 12. Nf1 Be8 13. Qe2 Bf7 14. Ne3 e5 15. c4
dxe4 16. dxe4 Nd4 17. Nxd4 cxd4 18. Nd5 Qd7 19. Rec1 Be6 20. c5 Bb8 21. Nxe7+
Qxe7 22. Qd3 Qf7 23. Rc2 Rc8 24. Ba3 Rc6 25. b4 a6 26. Kh2 g6 27. Bc1 Rfc8 28.
a4 a5 29. Ba3 axb4 30. Bxb4 Ba7 31. Bh3 Bxh3 32. Kxh3 Bxc5 33. Bxc5 Rxc5 34.
Rac1 Rxc2 35. Rxc2 Qd7+ 36. Kg2 Rxc2 37. Qxc2 Kg7 38. Kf1 d3 39. Qd1 Qd4 40. f3
Qe3 41. Kg2 b6 42. Kf1 f5 43. exf5 gxf5 44. Kg2 e4 45. fxe4 fxe4 46. Qg4+ Kf6
47. Qh5 d2 48. Qd1 Qf3+ 0-1

[Event "12th Steve Boniface Memorial (Bristol) "]
[Site "Bristol Grammar School"]
[Date "2018.08.25"]
[Round "2.13"]
[White "Fielding, Michael"]
[Black "Graham, William M"]
[Result "0-1"]
[WhiteElo "1734"]
[BlackElo "1903"]
[PlyCount "52"]
[EventDate "2018.08.24"]
[SourceVersionDate "2018.08.27"]

1. d4 Nf6 2. c4 g6 3. Nc3 Bg7 4. e4 d6 5. Nf3 O-O 6. Be2 e5 7. O-O Nc6 8. d5
Ne7 9. b4 Ne8 10. a4 f5 11. Nd2 f4 12. f3 Rf7 13. Ba3 Bf8 14. c5 Rg7 15. b5 g5
16. Nc4 Ng6 17. cxd6 cxd6 18. Rc1 h5 19. Nb1 Nh4 20. Rf2 g4 21. fxg4 hxg4 22.
Bf1 g3 23. hxg3 fxg3 24. Rb2 Ng6 25. Be2 Qh4 26. Bf3 Nf4 0-1

[Event "12th Steve Boniface Memorial (Bristol) "]
[Site "Bristol Grammar School"]
[Date "2018.08.25"]
[Round "2.14"]
[White "Tselos, Aristotelis"]
[Black "Sierra Jiminez, S Manuel"]
[Result "1-0"]
[WhiteElo "1551"]
[BlackElo "1899"]
[PlyCount "53"]
[EventDate "2018.08.24"]
[SourceVersionDate "2018.08.27"]

1. e4 c5 2. Nf3 g6 3. d4 cxd4 4. Nxd4 Bg7 5. c3 Nc6 6. Be3 Nf6 7. Bd3 d6 8. h3
Bd7 9. O-O O-O 10. Kh1 Ne5 11. f4 Nxd3 12. Qxd3 Qc8 13. f5 a6 14. Nd2 Bc6 15.
Rae1 b5 16. Bg5 Ra7 17. Qe3 Ba8 18. Ne6 fxe6 19. Qxa7 exf5 20. exf5 Bb7 21.
Rxe7 Rf7 22. Rfe1 Qc6 23. Nf3 gxf5 24. Qb8+ Bf8 25. Rxf7 Kxf7 26. Bxf6 Bh6 27.
Qd8 1-0

[Event "12th Steve Boniface Memorial (Bristol) "]
[Site "Bristol Grammar School"]
[Date "2018.08.25"]
[Round "2.15"]
[White "Fallowfield, Nicholas"]
[Black "Prasse, Philipp"]
[Result "1/2-1/2"]
[WhiteElo "1914"]
[BlackElo "1996"]
[PlyCount "47"]
[EventDate "2018.08.24"]
[SourceVersionDate "2018.08.27"]

1. Nf3 d5 2. c4 e6 3. g3 Nf6 4. Bg2 Be7 5. O-O O-O 6. d4 dxc4 7. Ne5 Nc6 8.
Bxc6 bxc6 9. Nxc6 Qe8 10. Nxe7+ Qxe7 11. Na3 c5 12. dxc5 Qxc5 13. Be3 Qh5 14.
f3 Nd5 15. Bf2 c3 16. bxc3 Nxc3 17. Qd2 Nd5 18. Qa5 Qh3 19. e4 Nf6 20. Qg5 Ba6
21. Rfe1 Rfd8 22. Qa5 Bd3 23. Rad1 Qh5 24. Qxh5 1/2-1/2

[Event "12th Steve Boniface Memorial (Bristol) "]
[Site "Bristol Grammar School"]
[Date "2018.08.25"]
[Round "2.19"]
[White "Hosdurga, Chirag"]
[Black "Miller, George"]
[Result "1-0"]
[WhiteElo "1638"]
[BlackElo "1953"]
[PlyCount "83"]
[EventDate "2018.08.24"]
[SourceVersionDate "2018.08.27"]

1. d4 d6 2. c4 e5 3. d5 f5 4. Nc3 Nf6 5. Bg5 h6 6. Bxf6 Qxf6 7. e4 f4 8. Be2
Qg5 9. h4 Qf6 10. Bg4 Bxg4 11. Qxg4 Nd7 12. Nb5 Kd8 13. O-O-O Be7 14. Qe2 c6
15. dxc6 bxc6 16. Nc3 Kc7 17. Nf3 Rhb8 18. h5 Qe6 19. Rd2 a5 20. Nh4 Bxh4 21.
Rxh4 Nf6 22. Rh1 a4 23. Rc2 Kd7 24. Rd1 Ke7 25. Rcd2 Ne8 26. a3 Ra5 27. Qd3 Rb3
28. Qe2 Rb8 29. Rc2 Nf6 30. Qd2 Rc5 31. Nxa4 Rxc4 32. Qa5 Rxc2+ 33. Kxc2 Qb3+
34. Kc1 Nd7 35. Qc7 Qc4+ 36. Kb1 Qxe4+ 37. Ka1 Qxa4 38. Qxd6+ Ke8 39. Qxd7+ Kf8
40. Qd6+ Kf7 41. Qg6+ Kg8 42. Rd7 1-0

[Event "12th Steve Boniface Memorial (Bristol) "]
[Site "Bristol Grammar School"]
[Date "2018.08.25"]
[Round "2.20"]
[White "May, Adam J"]
[Black "Stubbs, Oliver"]
[Result "0-1"]
[WhiteElo "1944"]
[BlackElo "1563"]
[PlyCount "90"]
[EventDate "2018.08.24"]
[SourceVersionDate "2018.08.27"]

1. Nf3 Nf6 2. c4 g6 3. Nc3 Bg7 4. e4 d6 5. d4 O-O 6. Be2 e5 7. dxe5 dxe5 8.
Qxd8 Rxd8 9. Bg5 c6 10. Nxe5 Re8 11. O-O-O h6 12. Bh4 Nxe4 13. Nxe4 Bxe5 14.
Nf6+ Bxf6 15. Bxf6 Nd7 16. Bd4 Rxe2 17. Be3 Nb6 18. Rd8+ Kg7 19. b3 Bf5 20.
Bxb6 Rxd8 21. Bxd8 Rxa2 22. Re1 Rxf2 23. Re7 Rc2+ 24. Kd1 Rxg2 25. Rxb7 Rxh2
26. Bc7 Rh1+ 27. Kd2 g5 28. Rxa7 g4 29. Be5+ Kg6 30. Ra6 Be4 31. b4 f6 32. Bg3
Rh3 33. Ke3 Rxg3+ 34. Kxe4 Rb3 35. Rxc6 g3 36. Rc8 Kh5 37. Rg8 Kh4 38. Kf4 h5
39. b5 Rb4 40. b6 Rxc4+ 41. Kf5 Rb4 42. Rb8 g2 43. Rg8 Kh3 44. b7 Rxb7 45. Kxf6
Kh2 0-1